00543nam a22001577a 4500008004100000020001400041020001800055050002400073100003000097245010200127260006300229300003300292500001900325650001800344650002300362190516b xxu||||| |||| 00| 0 eng d a996679215 a9789966792150 aRA 410 .E34K57 2013 aed.Kirigia Joses Muthuri. aEfficiency of health sysytem units in africa :ba data envelope analsis /cJoses Muthuri Kirigia. aNairobi-00100 Kenya :bUniversity of Nairobi press,c2013. axxvi, 520p. :bill. ;c25cm. ainclude index. aMedical care. aMedical economics.